Francuski - kolory - Statystyki

Ogólne statystyki
  • Ten quiz został rozwiązany 44 razy
  • Średni wynik to 10 z 18
Statystyki odpowiedzi
Hint Odpowiedź % Poprawnych
pomarańczowy orange
87%
biały blanc
80%
niebieski bleu
80%
czarny noir
80%
różowy rose
80%
czerwony rouge
80%
fioletowy violet
80%
zielony vert
67%
żółty jaune
60%
szary gris
53%
beżowy beige
47%
brązowy marron
47%
jasnozielony vert clair
33%
turkusowy turquoise
27%
srebrny argenté
20%
złoty doré
13%
granatowy marine
13%
ciemnozielony vert foncé
13%
Nie znaleziono quizów pasujących do podanych kryteriów
Rozkład punktacji
Procent ludzi z każdym wynikiem
Percentyl według liczby udzielonych odpowiedzi
Twoja historia wyników
Nie rozwiązałeś tego quizu